El ministerio público en México: funciones y disfunciones

Guardat en:
Dades bibliogràfiques
Autor principal: Castro, Juventino (Autor)
Format: Llibre
Idioma:espanyol
Publicat: Ciudad de México Porrúa 1990
Edició:7a. ed
Matèries:
Etiquetes: Afegir etiqueta
Sense etiquetes, Sigues el primer a etiquetar aquest registre!

MARC

LEADER 00000nam a2200000 a 4500
001 UCV3179
003 CL-VaPUC
008 930423e19900000MX |||||||||||||||||spa|d
082 0 4 |a 350.07  |b CAS  |2 21 
100 0 |a Castro, Juventino  |e author  |9 297431 
245 1 3 |a El ministerio público en México: funciones y disfunciones 
250 |a 7a. ed 
300 |a 258 p 
942 |c BK 
945 |d 19930423 00:00:00 
260 |a Ciudad de México  |b Porrúa  |c 1990 
650 7 |a FISCALES  |2 CL-VaPUC  |9 258802 
583 |a last modification  |c 19930423 00:00:00  |k Rodrigo Vera 
999 |c 210491  |d 210489 
952 |0 0  |1 0  |4 0  |6 350_070000000000000_CAS_1990  |7 0  |8 A  |9 186775  |a BIBDER  |b BIBDER  |d 2019-11-14  |i 2543885  |o 350.07 CAS 1990  |p 2543885  |r 2023-01-25  |w 2019-11-14  |y BK  |k DER